000 02293cam a22004457i 4500
999 _c105513
_d105513
003 BJBSDDR
005 20230411085649.0
007 ta
008 160728s2015 ohua 001 0 eng d
020 _a9781599639260 (pbk.)
020 _a1599639262 (pbk.)
035 _a19196144
035 _a(OCoLC)ocn905520386
040 _aYDXCP
_bspa
_cYDXCP
041 _aeng
042 _alccopycat
050 1 4 _aZ 285.6
_bM877s 2015
082 0 4 _a002.068/8
_223
100 1 _aMorris, Tee,
_d1968-
245 1 0 _aSocial media for writers :
_bmarketing strategies for building your audience and selling books /
_cTee Morris & Pip Ballantine.
264 1 _aCincinnati, Ohio :
_bWriter's Digest Books,
_c[2015]
300 _a277 pages :
_billustrations ;
_c22 cm
336 _atext
_2rdacontent
337 _aunmediated
_2rdamedia
338 _avolume
_2rdacarrier
500 _aIncludes index.
505 0 _aWordPress : building and developing a blog -- Tumbler : drive-by blogging -- Podcasting : creating on-demand media programs -- Facebook : the king of social media -- Twitter : keeping it brief -- Google+ : a place for discussions and hangouts -- YouTube : introducing video to your content -- Pinterest : your online bulletin board -- Instagram : adding photography to your arsenal -- Additional options : platforms that break the conventions -- SEO : dark arts of search engine optimization -- Content marketing : promoting with and through others -- Best practices in social media.
520 _aOver the past decade, social media has transformed from a fad into a necessity for writers. But for the inexperienced author, trying to make sense of--much less master--the available platforms can be a frustrating experience. The variety of social media options alone is dizzying enough: WordPress, Tumblr, Facebook, Twitter, Google& --
_cPublisher
650 0 _aBooks
_xInternet marketing.
650 4 _aLibros
_xMercadeo
_99738
650 0 _aAuthorship
_xInternet marketing.
650 0 _aOnline social networks.
650 4 _aRedes sociales en lĂ­nea
_91568
650 0 _aInternet in publicity.
650 0 _aInternet marketing.
650 4 _aMercadeo por internet
_91681
700 1 _aBallantine, Pip
_q(Philippa),
_d1971-
_99739
942 _2lcc
_cBK
946 _advf